000 00728cab a2200265 4500
001 ABS52832
008 090401t1995 xxu||||| |||| 00| 0 eng d
035 _a(Sirsi) u370
041 _aeng
100 _aEvans, B.
245 _aNew cooling for old buildings
260 _c1995
350 _a0
490 _aArchitects` Journal
_v201(19) 11 May 1995, 68-69(2)
520 _aConsiders whether fabric thermal storage can be made to work in existing buildings.
650 _aCOOLING
650 _aFABRIC THERMAL STORAGE
650 _aTHERMAL CAPACITY
650 _aTHERMAL MASS
650 _aTHERMAL STORAGE SYSTEM
650 _aVENTILATION
690 _aBlock management
_96220
942 _n0
948 _c04/03/1997
999 _c143
_d143